000
00322 a2200157 4500
001
63925
020
_a
9788532634436
040
_c
Anchieta - Pituba
100
_a
Macedo, Roberto Sidnei
240
1
0
_a
Currículo
_l
245
1
0
_a
Currículo
300
_a
150p.
362
0
_a
2013
650
4
_a
Currículo
942
_c
BK
999
_c
63925
_d
63925